| 000 | 00770nam a22002297a 4500 | ||
|---|---|---|---|
| 999 |
_c159458 _d159458 |
||
| 005 | 20181218151029.0 | ||
| 010 | _aENG-124572 | ||
| 020 |
_a9789353067038 _c929.00 |
||
| 035 | _aEN-108104 | ||
| 037 | _bDBAD/PUB | ||
| 082 | _a658.3 | ||
| 100 | _aRobbins, Stephen P. | ||
| 245 |
_aorganizational behavior / _cby Stephen P. Robbins; Timothy A. Judge [and] Neharika Vohra |
||
| 250 | _a18th ed. | ||
| 260 |
_aNew Delhi _bPearson _c2019 |
||
| 270 |
_a14 Local Shopping Centre, Panchsheel Park _bNew Delhi _e110017 |
||
| 300 |
_axxxiv,740p. _c27cm. (pbk) _bill. pic. |
||
| 500 | _aIt includes glossary, Name index, organization index and subject index | ||
| 700 | _aTimothy A. Judge | ||
| 700 | _a Vohra, Neharika | ||
| 942 |
_2ddc _cEN _h658.3 _mROB |
||